| 000 | 00489nam a22001937a 4500 | ||
|---|---|---|---|
| 003 | CEME | ||
| 005 | 20210628202620.0 | ||
| 008 | 210210b xxu||||| |||| 00| 0 eng d | ||
| 020 | _a81-7808-682-4 | ||
| 040 | _c. | ||
| 082 | _a004.6 STA | ||
| 100 |
_aStallings, William _9220 |
||
| 245 | _aBusiness data communications | ||
| 250 | _a4TH | ||
| 260 |
_aINDIA _bPEARSON EDUCATION ASIA _c2002 |
||
| 300 | _aXXII,659P | ||
| 650 |
_aDATA COMMUNICATIONS-BUSINESS _960744 |
||
| 942 |
_cBK _2ddc |
||
| 999 |
_c570399 _d570399 |
||